Rappeurs par titre - Statistiques

Statistiques générales
  • Ce quiz a été pris 324 fois
  • Le résultat moyen est 11 sur 15
Statistiques - réponses
Titre Rappeurs % Correct
Tchikita JUL
98%
Bella Maitre Gims
97%
Au DD PNL
97%
La vie qu'on mène Ninho
96%
92i Veyron Booba
91%
Amnésie Damso
90%
Un peu de haine PLK
84%
Commando Niska
83%
Fusil SCH
73%
Dommage Bigflo et Oli
71%
Diarabi Kaaris
71%
M3lo Tiakola
69%
Lettre à la République Kery James
24%
Bad Boys de Marseille Akhenaton
9%
Le Monde Est A Moi Passi
3%
Aucun quiz correspondant
Distribution des résultats
% des personnes avec chaque résultat
Percentile par nombre de réponses
Votre historique - résultats
Vous n’avez pas pris ce quiz